000 00953 a2200241 4500
003 Nust
005 20170207171534.0
010 _a 2003064973
020 _a0195168070 (acid-free paper)
040 _cNust
082 0 0 _a658.15
100 1 _aNewnan, Donald G.
245 1 0 _aEngineering economic analysis (EBOOK)
_cDonald G. Newnan, Ted G. Eschenbach, Jerome P. Lavelle.
250 _a9th ed.
260 _aNew York :
_bOxford University Press,
_c2004.
300 _axx, 598 p. :
_bill. ;
_c24 cm.
_e+ 1 CD-ROM (4 3/4 in.)
650 0 _aEngineering economy.
700 1 _aEschenbach, Ted G.,
_d1951-
700 1 _aLavelle, Jerome P.
856 4 2 _3Contributor biographical information
_uhttp://www.loc.gov/catdir/enhancements/fy0723/2003064973-b.html
856 4 2 _3Publisher description
_uhttp://www.loc.gov/catdir/enhancements/fy0615/2003064973-d.html
856 4 2 _3Table of contents only
_uhttp://www.loc.gov/catdir/enhancements/fy0615/2003064973-t.html
942 _2ddc
_cBK
999 _c217160
_d217160